| Поле | Инд. | ПП | Название | Значение |
|---|---|---|---|---|
| Тип записи | a | |||
| Библиографический уровень | m | |||
| 001 | Контрольный номер | RU/LIBMSTU/337782957 | ||
| 005 | Дата корректировки | 20140923120401.1 | ||
| 008 | Кодируемые данные | 100920|||||||||ru |||||||||||000|||rus|| | ||
| 020 | a | ISBN | 978-5-93295-485-0 | |
| c | Цена, тираж | 160-00 | ||
| 040 | b | Код языка каталог. | rus | |
| 041 | a | Код языка текста | rus | |
| 084 | a | Индекс другой классификации/Индекс ББК | 67.408.1+67.408.0+67.402.23 | |
| 090 | a | Полочн. индекс | 67.408 | |
| x | Авторский знак | Р 14 | ||
| 100 | 1_ | a | Автор | Рагозина И. Г. |
| 245 | 10 | a | Заглавие | Субъект налогового преступления и тактическая операция по его изобличению |
| b | Продолж. заглавия | монография | ||
| 260 | a | Место издания | Москва | |
| b | Издательство | Юрлитинформ | ||
| c | Дата издания | 2009 | ||
| 300 | a | Объем | 165 с. | |
| 440 | a | Серия | Библиотека криминалиста | |
| 504 | a | Библиография | Библиогр. в тексте | |
| 650 | a | Основная рубрика | Уголовное право Российской Федерации | |
| 650 | 14 | a | Основная рубрика | Экономические преступления-Расследование |
| 653 | a | Ключевые слова | Изобличения субъекта | |
| a | Ключевые слова | Налоговые преступления | ||
| a | Ключевые слова | Преступления экономические | ||
| a | Ключевые слова | Расследования | ||
| a | Ключевые слова | Следственное действие | ||
| a | Ключевые слова | Уголовная ответственность | ||
| a | Ключевые слова | Уголовное право | ||
| a | Ключевые слова | Монографии | ||
| 700 | a | Другие авторы | Аксенов Р. Г. | |
| 901 | t | Тип документа | m | |
| 952 | c | Вид литературы | монография |